000 00414nam a22001697a 4500
003 NUST - PNEC
005 20170116181142.0
008 151008b xxu||||| |||| 00| 0 eng d
020 _a-
040 _cLIBRARY
082 _a954.04092 ADV
100 _914784
_aAdvani, L. K
245 _aMy country my life
_c L. K, Advani
260 _cc 2008
650 _914785
_aPoliticians
_xGeneral
942 _2ddc
_cBK
999 _c70560
_d70560